000 01016nam a2200277Ia 4500
003 OSt
005 20221005103430.0
006 a|||||r|||| 00| 0
007 ta
008 221004b |||||||| |||| 00| 0 hin d
020 _a9788171326466 (hbk)
024 _a26758
037 _bGift, 11/05/2016,
_cTextual
040 _aCRL
_cCRL
_bhin
041 _2hin
_ahin
082 _aY15z7, 152Q1
100 _aकौशिक, आशा, संपा.
245 0 _aनारी सशक्तीकरण
_b विमर्श एवं यथार्थ
246 _aNārī sashaktīkaraṇa: vimarsha evan yathārtha
250 _aसंस्करण 2
260 _aजयपुर
_bपोइन्टर पब्लिशर्स भारत
_c2011
300 _a360पृ0
_ccm.
650 _aभारतीय-लोक साहित्य
942 _hY15z7, 152Q1
_cTEXL
_2cc
999 _c1010079
_d1010079